00662nam a2200217Ia 4500003000400000005001700004008004100021020001800062040001800080041000800098082002300106100002100129245006800150250001200218260004500230300002500275650006200300650003100362650003200393700001900425OSt20240516090519.0210716s2003 xx 000 0 und d a9789352863082 cAIMIT LIBRARY aeng a005.1331 29bSAVW aSavitch, Walter. aProblem solving with c++ /cBy Walter Savitch and Kenrick Mock. a9th ed. aNew Delhi : bPearson Education ,c2018. a1088p. ,bPBc23 cm. aProcedural abstraction and functions that return a value aFunctions for all subtasks aPointers and dynamic arrays aMock, Kenrick.